Online
Catalog

El mas català durant l'Edat Mitjana i la Moderna (segles IX-XVIII) : (Record no. 41294)

MARC details
000 -CABECERA
campo de control de longitud fija 01367nam a2200253 a 4500
001 - NÚMERO DE CONTROL
campo de control 000041805
005 - FECHA Y HORA DE LA ÚLTIMA TRANSACCIÓN
campo de control 20201002035751.0
008 - DATOS DE LONGITUD FIJA--INFORMACIÓN GENERAL
campo de control de longitud fija 130725s1980 sp 000 0 spa d
020 ## - NÚMERO INTERNACIONAL ESTÁNDAR DEL LIBRO
Número Internacional Estándar del Libro 8400079434
040 ## - FUENTE DE LA CATALOGACIÓN
Centro catalogador/agencia de origen DO-SdBNP
Lengua de catalogación spa
Centro/agencia transcriptor BNPHU
111 2# - ENTRADA PRINCIPAL--NOMBRE DE CONGRESO/REUNIÓN
Nombre de congreso/reunión o jurisdicción como elemento de entrada Colloqui
Fecha del congreso/reunión (1999 : 3-5 nov.
Sede del congreso/Lugar de la reunión Barcelona)
9 (RLIN) 68674
245 13 - MENCIÓN DE TÍTULO
Título El mas català durant l'Edat Mitjana i la Moderna (segles IX-XVIII) :
Resto del título aspectes arqueològics, històrics, geogràfics, arquitectònics i antropològics : actes del Col.loqui celebrat a Barcelona, del 3 al 5 de novembre de 1999 /
Mención de responsabilidad, etc. editores María Teresa Ferrer i Mallol, Josefina Mutgé i Vives, Manuel Riu i Riu.
260 ## - PUBLICACIÓN, DISTRIBUCIÓN, ETC.
Lugar de publicación, distribución, etc. Barcelona :
Nombre del editor, distribuidor, etc. Consejo Superior de Investigaciones Científicas, Departamento de Estudios Medievales,
Fecha de publicación, distribución, etc. 1980.
300 ## - DESCRIPCIÓN FÍSICA
Extensión XVI, 659 p. : ;
Dimensiones 24 cm.
490 1# - MENCIÓN DE SERIE
Mención de serie Anejos del Anuario de estudios medievales ;
-- Annex
Designación de volumen o secuencia 42
500 ## - NOTA GENERAL
Nota general Incluye referencias bibliográficas y notas al pie de las páginas
504 ## - NOTA DE BIBLIOGRAFÍA, ETC.
Nota de bibliografía, etc. Incluye referencias bibliográficas
504 ## - NOTA DE BIBLIOGRAFÍA, ETC.
Nota de bibliografía, etc. Incluye bibliografía a final de cada cápitulo
700 1# - PUNTO DE ACCESO ADICIONAL--NOMBRE DE PERSONA
Nombre de persona Ferrer i Mallol, María Teresa
Fechas asociadas al nombre 1940-
Término indicativo de función/relación ed.
9 (RLIN) 68675
700 1# - PUNTO DE ACCESO ADICIONAL--NOMBRE DE PERSONA
Nombre de persona Mutgé i Vives, Josefina
Término indicativo de función/relación ed.
9 (RLIN) 68676
700 1# - PUNTO DE ACCESO ADICIONAL--NOMBRE DE PERSONA
Nombre de persona Riu, Manuel
Término indicativo de función/relación ed.
9 (RLIN) 66068
710 2# - PUNTO DE ACCESO ADICIONAL--NOMBRE DE ENTIDAD CORPORATIVA
Nombre de entidad corporativa o nombre de jurisdicción como elemento de entrada Consejo Superior de Investigaciones Científicas (España)
9 (RLIN) 15178
830 #0 - PUNTO DE ACCESO ADICIONAL DE SERIE-TÍTULO UNIFORME
Título uniforme Anejos del Anuario de estudios medievales ;
Nombre de parte o sección de la obra Annex
Designación de volumen o secuencia 42
9 (RLIN) 68499
Holdings
Estado de retiro Estado de pérdida Restricciones de uso No para préstamo Código de colección Localización permanente Ubicación/localización actual Ubicación en estantería Fecha de adquisición Número de inventario Total de préstamos Signatura topográfica completa Código de barras Fecha visto por última vez Precio válido a partir de Tipo de ítem Koha
        Monografías: Libros y Folletos General General Orden iniciada 17.10.2013 LF1   41805-10 25.06.2020 25.06.2020 No se presta

Powered by Koha